000 00298nam a2200121Ia 4500
008 190216s9999||||xx |||||||||||||| ||und||
100 _aMenon K P K
245 0 _aSelected Prose For Degree Classes
260 _bMacmillan India Ltd
_c1973
300 _a181p
650 _aEnglish Prose
942 _cBK
999 _c12577
_d12577